Evaluación de la política de acceso al agua potable en el Distrito Federal /

Propuesta ganadora de la convocatoria lanzada en 2010 por el Gobierno del Distrito Federal (Evalúa DF) para valorar la política de acceso domiciliario del agua potable en la ciudad. Se trata la misma desde varias disciplinas como lo es la parte jurídica, la técnica con instalaciones adecuadas dentro...

Full beskrivning

Sparad:
Bibliografiska uppgifter
Huvudupphov: González Reynoso, Arsenio Ernesto (coordinación)
Övriga upphov: Jiménez Cisneros, Blanca Elena (autor) (autor), Gutiérrez Rivas, Rodrigo (autor) (autor), Marañón Pimentel, Boris (autor) (autor)
Materialtyp: Bok
Språk:spanska
Utgiven: México : UNAM, Programa Universitario de Estudios sobre la Ciudad, 2011, c2011
Ämnen:
Taggar: Lägg till en tagg
Inga taggar, Lägg till första taggen!

MARC

LEADER 00000nam^a2200000^a^4500
001 000329234
005 20250521000000.0
009 20260310113930.911
020 |a 978-607-02-2861-2 
037 |a Acervo ITESO - Biblioteca 
041 |a ESP 
082 |a 628. 10972532  |b GON 
100 |a González Reynoso, Arsenio Ernesto  |e (coordinación) 
245 1 0 |a Evaluación de la política de acceso al agua potable en el Distrito Federal /  |c B.E. Jiménez Cisneros, R. Gutiérrez Rivas, B. Marañón Pimentel ; coord. de A.E. González Reynoso ; pról. de Pablo Yanes. 
264 4 |a México :  |b UNAM, Programa Universitario de Estudios sobre la Ciudad,  |c 2011, c2011 
300 |a 261, [17] p. +  |e 1 disco compacto de computadora 
336 |a texto  |b txt  |2 rdacontenido 
337 |a sin mediación  |b n  |2 rdamedio 
338 |a volumen  |b nc  |2 rdasoporte 
520 |a Propuesta ganadora de la convocatoria lanzada en 2010 por el Gobierno del Distrito Federal (Evalúa DF) para valorar la política de acceso domiciliario del agua potable en la ciudad. Se trata la misma desde varias disciplinas como lo es la parte jurídica, la técnica con instalaciones adecuadas dentro de la vivienda, frecuencia de suministro y calidad, así como la parte tarifaria y administrativa. 
649 |a XX 
650 |a Agua Potable -  |x Abastecimiento -  |z México (Ciudad) -  |x Tema Principal 
650 |a Sistema de Agua Potable -  |z México (Ciudad) -  |x Evaluación -  |x Tema Principal 
650 |a Calidad del Agua 
650 |a Agua -  |x Abastecimiento 
650 |a Agua -  |x Aspectos Económicos 
650 |a Agua -  |x Administración 
650 |a Política Urbana -  |z México (Ciudad) 
650 |a Política Urbana -  |z México 
650 |a Administración Pública -  |z México (D.F.) 
650 |a Administración Pública -  |z México 
650 |a Infraestructura Urbana 
650 |a Ingeniería Sanitaria 
650 |a Ingeniería Ambiental 
700 |a Jiménez Cisneros, Blanca Elena  |e (autor) 
700 |a Gutiérrez Rivas, Rodrigo  |e (autor) 
700 |a Marañón Pimentel, Boris  |e (autor) 
910 |a Fondo General 
920 |a Impresos - Libros 
930 |a Colección General 
905 |a 101 
901 |a 0500218655  |b IT1  |c ACC  |i C134716  |u 20250521 
901 |a 0500218652  |b IT2  |c SWS  |i C134716  |u 20250521 
902 |a https://opac.biblio.iteso.mx/vufind/Record/000329234